| 000 | 00438nam a22001697a 4500 | ||
|---|---|---|---|
| 003 | NUST - PNEC | ||
| 005 | 20170116181136.0 | ||
| 008 | 151007b xxu||||| |||| 00| 0 eng d | ||
| 020 | _a8174091912 | ||
| 040 | _cLIBRARY | ||
| 082 | _a681.2 JAI | ||
| 100 |
_914328 _aJain, Rajendra K. |
||
| 245 |
_aMechanical and industrial measurements _cR.K. Jain |
||
| 260 | _cc.2010 | ||
| 650 |
_914334 _aMechanics, Applied _xME |
||
| 942 |
_2ddc _cBK |
||
| 999 |
_c70259 _d70259 |
||